ბათუმის შოთა რუსთაველის სახელმწიფო უნივერსიტეტის ბიბლიოთეკა

რიწა : (ბიბ.ჩანაწერი № 61561)

000 -LEADER
fixed length control field 00676nam a22001697a 4500
005 - DATE AND TIME OF LATEST TRANSACTION
control field 20240325152153.0
008 - FIXED-LENGTH DATA ELEMENTS--GENERAL INFORMATION
fixed length control field 240325c2018 ge ||||| |||| 00| 0 geo d
022 ## - INTERNATIONAL STANDARD SERIAL NUMBER
International Standard Serial Number 1512-4983
041 ## - LANGUAGE CODE
Language code of text/sound track or separate title geo
245 ## - TITLE STATEMENT
Title რიწა :
Remainder of title 2018. სამხატვრო ლიტერატურულო ჟურნალი /
Statement of responsibility, etc. მთავარი რედაქტორი ზაურ კალანდია.
260 ## - PUBLICATION, DISTRIBUTION, ETC.
Place of publication, distribution, etc. თბილისი,
Date of publication, distribution, etc. 2018.
300 ## - PHYSICAL DESCRIPTION
Extent V.
653 ## - INDEX TERM--UNCONTROLLED
Uncontrolled term რიწა
653 ## - INDEX TERM--UNCONTROLLED
Uncontrolled term პერიოდიკა
700 ## - ADDED ENTRY--PERSONAL NAME
Personal name კალანდია, ზაურ
Relator term მთავარი რედაქტორი
9 (RLIN) 18065
942 ## - ADDED ENTRY ELEMENTS (KOHA)
Source of classification or shelving scheme
Koha item type პერიოდიკა
ეგზემპლარები
Withdrawn status Lost status Source of classification or shelving scheme Damaged status Not for loan Permanent Location Current Location Date acquired Serial Enumeration / chronology Barcode Date last seen Copy number Uniform Resource Identifier Price effective from Koha item type
          ბათუმის შოთა რუსთაველის სახელმწიფო უნივერსიტეტის მთავარი ბიბლიოთეკა ბათუმის შოთა რუსთაველის სახელმწიფო უნივერსიტეტის მთავარი ბიბლიოთეკა 2024-03-25 #1. 2018. 81170 2024-03-25 81170 ბსუ-ს საპატიო დოქტორის გურამ ლორთქიფანიძის საჩუქარი 2024-03-25 პერიოდიკა